000
00324 a2200133 4500
005
20250605064616.0
020
_a
9 780765 607218
082
_a
658.45 CLE
100
_a
CLEARY, P.J.
245
_a
The Negotiation Handbook
260
_a
New York,
_b
M. E. Sharpe,
_c
2001.
300
_a
xi,175.;
_b
Index.
_c
20cm.
942
_2
ddc
_c
BKS
999
_c
3170
_d
3170